000 00733nam a22002057a 4500
999 _c61822
_d61822
005 20240520165930.0
008 240520s2007 enk||||| |||| 00| 0 eng d
020 _a9781416029069x
041 _aeng
080 _a61 S-45
100 _aSeller, Robert H.
_922129
245 _aDifferential Diagnosis of Common Complaints /
_cRobert H. Seller.
250 _a5th Edition
264 _aPhiladelphia :
_bSaunders,
_c2007.
300 _a469 p.:
_bill.;
_c23 cm.
653 _aსაერთო ჩივილების დიფერენციალური დიაგნოზი
653 _aმედიცინა
700 _aSeller, Robert H.
_eრედაქტორი
_922129
942 _2udc
_cᲬᲘᲒᲜᲘ